RFID in manufacturing / (Record no. 11480)
[ view plain ]
| 000 -LEADER | |
|---|---|
| fixed length control field | 01068nam a22002655a 4500 |
| 001 - CONTROL NUMBER | |
| control field | 15055712 |
| 005 - DATE AND TIME OF LATEST TRANSACTION | |
| control field | 20071023131532.0 |
| 008 - FIXED-LENGTH DATA ELEMENTS--GENERAL INFORMATION | |
| fixed length control field | 071023s2008 nyu 000 0 eng |
| 010 ## - LIBRARY OF CONGRESS CONTROL NUMBER | |
| LC control number | 2007940032 |
| 020 ## - INTERNATIONAL STANDARD BOOK NUMBER | |
| International Standard Book Number | 9783540764533 (hardcover : alk. paper) |
| 040 ## - CATALOGING SOURCE | |
| Original cataloging agency | DLC |
| Transcribing agency | DLC |
| 082 ## - DEWEY DECIMAL CLASSIFICATION NUMBER | |
| Edition number | 22 |
| Classification number | 658.503 |
| Item number | GUN |
| 100 1# - MAIN ENTRY--PERSONAL NAME | |
| Personal name | Guenther, Oliver P. |
| 9 (RLIN) | 4542 |
| 245 10 - TITLE STATEMENT | |
| Title | RFID in manufacturing / |
| Statement of responsibility, etc | Oliver P. Guenther, Wolfhard Kletti, Uwe Kubach. |
| 260 ## - PUBLICATION, DISTRIBUTION, ETC. (IMPRINT) | |
| Place of publication, distribution, etc | New York : |
| Name of publisher, distributor, etc | Springer, |
| Date of publication, distribution, etc | 2008. |
| 263 ## - PROJECTED PUBLICATION DATE | |
| Projected publication date | 0803 |
| 300 ## - PHYSICAL DESCRIPTION | |
| Extent | 163p.: |
| Other physical details | ill.; |
| Dimensions | 23 cm. |
| 504 ## - BIBLIOGRAPHY, ETC. NOTE | |
| Bibliography, etc | Includes bibliographical references p.:157-160 and index |
| 650 ## - SUBJECT ADDED ENTRY--TOPICAL TERM | |
| 9 (RLIN) | 4539 |
| Topical term or geographic name as entry element | Production management |
| General subdivision | -- Data processing. |
| 650 ## - SUBJECT ADDED ENTRY--TOPICAL TERM | |
| 9 (RLIN) | 4540 |
| Topical term or geographic name as entry element | Business logistics |
| General subdivision | --Data processing. |
| 650 ## - SUBJECT ADDED ENTRY--TOPICAL TERM | |
| 9 (RLIN) | 4541 |
| Topical term or geographic name as entry element | Radio frequency identification systems. |
| General subdivision | --Data processing. |
| 942 ## - ADDED ENTRY ELEMENTS (KOHA) | |
| Source of classification or shelving scheme | Dewey Decimal Classification |
| Item type | Book - Borrowing |
| Withdrawn status | Item status | Source of classification or shelving scheme | Damaged status | Not for loan | Vendor | Home library | Current library | Shelving location | Date acquired | Source of acquisition | Cost, normal purchase price | Serial Enumeration / chronology | Total Checkouts | Total Renewals | Full call number | Barcode | Date last seen | Date last borrowed | Koha item type |
|---|---|---|---|---|---|---|---|---|---|---|---|---|---|---|---|---|---|---|---|
| Dewey Decimal Classification | Baccah | Central Library | Central Library | First floor | 03/05/2009 | 320.00 | 7117 | 6 | 5 | 658.503 GUN | 000016289 | 15/07/2025 | 16/08/2018 | Book - Borrowing |